Provinces of Canada Quiz Stats

Quiz not verified by Sporcle

Challenge
Share
Tweet
Embed
Score 0/13 Timer 07:00
0 Plays Today
% Correct
Alberta
93.9%
Quebec
91.8%
Ontario
90.8%
British Columbia
86.7%
Manitoba
80.6%
Nunavut
79.6%
Nova Scotia
78.6%
Prince Edward Island
75.5%
Saskatchewan
75.5%
Northwest Territories
73.5%
New Brunswick
68.4%
Newfoundland and Labrador
65.3%
Yukon Territory
57.1%

You're not logged in!

Compare scores with friends on all Sporcle quizzes.
Sign Up with Email
OR
Log In

You Might Also Like...

Show Comments

Extras

Top Quizzes Today


Score Distribution

Your Account Isn't Verified!

In order to create a playlist on Sporcle, you need to verify the email address you used during registration. Go to your Sporcle Settings to finish the process.